000 00443nam a2200181Ia 4500
003 GCL
008 140319s9999 xx 000 0 eng d
040 _aGCL /
_cGCL
082 0 4 _a843
_bG N
100 1 _aGIONO, JEAN
245 1 0 _aNAISSANCE DE L'ODYSSEE /
_cGIONO, JEAN
260 _a[S.N] :
_bBERNARD GRASSET ،
_c1938
300 _a235 P
650 0 4 _aLITERATURE
650 0 4 _aFICTION
650 0 4 _aFRENCH LITERATURE
942 _2ddc
_cBK
999 _c24916
_d24916